000 00665nam a2200205 a 4500
005 20240611063654.0
008 991125s1982 mx 000 0 spa u
020 _a9681815769
035 _aUPN01000004423
049 _aSEP
050 4 _aQA11 A2
_bM12
100 1 _aZugazagoitia, Julián
245 1 0 _aAritmética y álgebra /
_cJulián Zugazagoitia.
260 _aMéxico :
_bCONAFE :
_bLimusa,
_c1982.
300 _a200 p.
440 0 _aBachillerato tecnológico : tronco común.
_pMatematicas 1 : texto ;
_v2
650 4 _aAritmética
_vProblemas, ejercicios, etc.
_97854
650 4 _aMatemáticas
_xEstudio y enseñanza (Media superior)
_96221
905 _aLibro
999 _c4423
_d4423